000 00313nam a22001337a 4500
082 _a894.812.3
_bPAU/O
100 _aVARGHEESE PAUL
245 _a101 GUNAPADA KADHAKAL
250 _aSEVENTH
260 _aWEST CHALAKUDY
_bAKSHAYA PUBLICATIONS
_c2010
300 _a96
650 _aSHORT STORY
_zKERALA
942 _cBK
999 _c1100
_d1100